00332nam a22001217a 450000500170000002000220001703500130003903700130005210000150006524500550008026000490013530000260018420120509121246.0 a0074632108c00.00 aA-825945 aDPLbENG aKohn, Meir aFinancial institutions and markets /cby Meir Kohn aNew DelhibTata McGraw-Hill Publishingc1996 axxiii, 868p.c28 cms.